000 00667nas a2200241 4500
001 BR9203368
003 BR-BrBNA
005 20231205092633.0
007 ta
008 230509b bl.|||p| |||| 00| 00por d
040 _aBR-BrBNA
_bpor
_cBiblioteca Nacional de Agricultura
041 _a(Pt)
072 _aK70
100 1 _aAnon.
245 1 _aPreservacao. Uma receita para a Amazonia
650 _aFLORESTA
650 _aAMAZONIA
650 _aPRESERVACAO DA NATUREZA
650 _aPOLITICA FLORESTAL
773 0 _tlavoura (Brazil)
_xISSN 0023-9135
_g(Jul-Aug 1991), p. 18-19
_wBR9203368
909 _a202311
_bLúcia
_c55
_dLúcia Elande
942 _2AGRIS
_n0
_cANA
999 _c133048
_d133048